Sociologie de la naissance (notice n° 2198559)

détails MARC
000 -LEADER
fixed length control field 01929cam a2200145 4500500
005 - DATE AND TIME OF LATEST TRANSACTION
control field 20260405085549.0
041 ## - LANGUAGE CODE
Language code of text/sound track or separate title fre
042 ## - AUTHENTICATION CODE
Authentication code dc
100 10 - MAIN ENTRY--PERSONAL NAME
Personal name Charrier, Philippe
Relator term author
245 00 - TITLE STATEMENT
Title Sociologie de la naissance
260 ## - PUBLICATION, DISTRIBUTION, ETC.
Name of publisher, distributor, etc. Armand Colin,<br/>
Date of publication, distribution, etc. 2013.<br/>
520 ## - SUMMARY, ETC.
Summary, etc. Dans nos sociétés contemporaines, la naissance n’est plus une fatalité. Elle est vécue, dans la grande majorité des cas, comme un événement heureux et porteur d’avenir. Le projet de donner naissance prend forme à l’échelle du couple et l’accueil du nouveau-né s’y accomplit. Le désir de maternité s’affiche, favorisant l’essor d’un marché florissant. La société consacre l’enfant et la famille. Si la naissance relève de la sphère privée, l’intervention des pouvoirs publics reste présente, par l’intermédiaire de la politique périnatale. La naissance prend place dans une organisation centrée sur une gestion des risques : diversification et professionnalisation des intervenants, technicisation de la prise en charge… En France notamment, il est quasiment impossible de naître en dehors d’une structure médicale. Grille de lecture des transformations contemporaines, cette sociologie de la naissance s’intéresse précisément à deux questions : la médicalisation (est-il possible de mettre en place des dispositifs alternatifs donnant plus de place à la physiologie, notamment au travers des Maisons de naissance ?), la filiation et la parentalité (n’assiste-t-on pas à un glissement progressif du « désir d’enfant », à un « droit à l’enfant » ?). Face aux vifs débats actuels, il revient au sociologue de repérer l’évolution des normes relatives à l’engendrement, à la maternité, au « faire famille ».
700 10 - ADDED ENTRY--PERSONAL NAME
Personal name Clavandier, Gaëlle
Relator term author
856 41 - ELECTRONIC LOCATION AND ACCESS
Uniform Resource Identifier <a href="https://shs.cairn.info/sociologie-de-la-naissance--9782200254513?lang=fr&redirect-ssocas=7080">https://shs.cairn.info/sociologie-de-la-naissance--9782200254513?lang=fr&redirect-ssocas=7080</a>

Pas d'exemplaire disponible.

PLUDOC

PLUDOC est la plateforme unique et centralisée de gestion des bibliothèques physiques et numériques de Guinée administré par le CEDUST. Elle est la plus grande base de données de ressources documentaires pour les Étudiants, Enseignants chercheurs et Chercheurs de Guinée.

Adresse

627 919 101/664 919 101

25 boulevard du commerce
Kaloum, Conakry, Guinée

Réseaux sociaux

Powered by Netsen Group @ 2025